Toutes les subdivisions de Provence-Alpes-Côte-d'Azur sur une carte - Statistiques

Statistiques générales
  • Ce quiz a été pris 231 fois
  • Le résultat moyen est 151 sur 1096
Réponses sur la Carte
Les réponses sont colorées sur une échelle allant du rouge au vert en fonction du pourcentage des utilisateurs qui les ont devinées à leur premier essai. Vous pouvez retrouver ces pourcentages ci-dessous.
 
Statistiques - réponses
Type de subdivision Subdivision % Correct
Arrondissement(13) | commune(13) Marseille
92%
Canton(13) Marseille-1
92%
Canton(13) Marseille-10
92%
Canton(13) Marseille-11
92%
Canton(13) Marseille-12
92%
Canton(13) Marseille-2
92%
Canton(13) Marseille-3
92%
Canton(13) Marseille-4
92%
Canton(13) Marseille-5
92%
Canton(13) Marseille-6
92%
Canton(13) Marseille-7
92%
Canton(13) Marseille-8
92%
Canton(13) Marseille-9
92%
Département Var
91%
commune(13) Bouc-Bel-Air
90%
Département Bouches-du-Rhône
90%
Arrondissement(06) | commune(06) Nice
90%
Canton(06) Nice-1
90%
Canton(06) Nice-2
90%
Canton(06) Nice-3
90%
Canton(06) Nice-4
90%
Canton(06) Nice-5
90%
Canton(06) Nice-6
90%
Canton(06) Nice-7
90%
Canton(06) Nice-8
90%
Canton(06) Nice-9
90%
Département Alpes-Maritimes
89%
Département Vaucluse
86%
Département Alpes-de-Haute-Provence
85%
Département Hautes-Alpes
85%
Arrondissement(83) | commune(83) Toulon
84%
Canton(83) Toulon-1
84%
Canton(83) Toulon-2
84%
Canton(83) Toulon-3
84%
Canton(83) Toulon-4
84%
Arrondissement(13) | commune(13) Aix-en-Provence
80%
Canton(13) Aix-en-Provence-1
80%
Canton(13) Aix-en-Provence-2
80%
Arrondissement(84) | commune(84) Avignon
80%
Canton(84) Avignon-1
80%
Canton(84) Avignon-2
80%
Canton(84) Avignon-3
80%
Arrondissement(05) | commune(05) Gap
79%
Canton(05) Gap-1
79%
Canton(05) Gap-2
79%
Canton(05) Gap-3
79%
Canton(05) Gap-4
79%
commune(06) Cannes
78%
Canton(06) Cannes-1
78%
Canton(06) Cannes-2
78%
Arrondissement(13) | Canton(13) | commune(13) Arles
72%
Canton(04) Digne-1
67%
Canton(04) Digne-2
67%
Arrondissement(04) | commune(04) Digne-les-Bains
67%
Canton(06) | commune(06) Menton
66%
Canton(83) | commune(83) Hyères
65%
commune(06) Antibes
63%
Canton(06) Antibes-1
63%
Canton(06) Antibes-2
63%
Canton(06) Antibes-3
63%
Arrondissement(05) | commune(05) Briançon
62%
Canton(05) Briançon-1
62%
Canton(05) Briançon-2
62%
Arrondissement(06) | commune(06) Grasse
61%
Canton(06) Grasse-1
61%
Canton(06) Grasse-2
61%
Canton(83) | commune(83) Fréjus
60%
Arrondissement(83) | Canton(83) | commune(83) Draguignan
59%
Canton(83) La Seyne-sur-Mer-1
56%
Canton(83) La Seyne-sur-Mer-2
56%
Canton(84) | commune(84) Orange
56%
Arrondissement(84) | Canton(84) | commune(84) Carpentras
54%
Arrondissement(13) | Canton(13) | commune(13) Istres
54%
Canton(13) | commune(13) Martigues
54%
Arrondissement(04) | Canton(04) | commune(04) Barcelonnette
53%
Canton(13) | commune(13) Aubagne
52%
Canton(13) | commune(13) La Ciotat
52%
commune(83) Le Val
52%
commune(83) Saint-Tropez
52%
Canton(83) | commune(83) Saint-Raphaël
51%
Arrondissement(84) | Canton(84) | commune(84) Apt
49%
commune(13) Cassis
46%
commune(04) Manosque
46%
Canton(04) Manosque-1
46%
Canton(04) Manosque-2
46%
Canton(04) Manosque-3
46%
commune(06) Cagnes-sur-Mer
43%
Canton(06) Cagnes-sur-mer-1
43%
Canton(06) Cagnes-sur-mer-2
43%
Canton(84) | commune(84) Cavaillon
43%
commune(13) Salon-de-Provence
43%
Canton(13) Salon-de-Provence-1
43%
Canton(13) Salon-de-Provence-2
43%
Arrondissement(83) | Canton(83) | commune(83) Brignoles
41%
Arrondissement(04) | Canton(04) | commune(04) Forcalquier
41%
Canton(13) | commune(13) Marignane
40%
commune(06) Saint-Jean-Cap-Ferrat
39%
commune(05) Saint-Jean-Saint-Nicolas
39%
Canton(04) | commune(04) Sisteron
39%
Arrondissement(04) | Canton(04) | commune(04) Castellane
37%
Canton(13) | commune(05) | commune(13) Vitrolles
36%
Canton(05) | commune(05) Embrun
35%
Canton(83) | commune(83) Sainte-Maxime
35%
commune(83) La Roque-Esclapon
33%
commune(84) Vitrolles-en-Lubéron
33%
commune(04) Saint-Martin-de-Brômes
32%
commune(84) Saint-Martin-de-Castillon
32%
commune(13) Saint-Martin-de-Crau
32%
commune(84) Saint-Martin-de-la-Brasque
32%
commune(06) Saint-Martin-d'Entraunes
32%
commune(83) Saint-Martin-de-Pallières
32%
commune(05) Saint-Martin-de-Queyrières
32%
commune(06) Saint-Martin-du-Var
32%
commune(04) Saint-Martin-les-Eaux
32%
commune(04) Saint-Martin-lès-Seyne
32%
commune(06) Saint-Martin-Vésubie
32%
commune(06) Saint-Paul-de-Vence
32%
commune(83) Saint-Paul-en-Forêt
32%
commune(13) Saint-Paul-lès-Durance
32%
commune(04) Saint-Paul-sur-Ubaye
32%
Canton(06) | commune(06) Le Cannet
31%
commune(13) Fos-sur-Mer
30%
commune(05) Saint-Laurent-du-Cros
30%
commune(06) Saint-Laurent-du-Var
30%
commune(04) Saint-Laurent-du-Verdon
30%
commune(05) Saint-Pierre-d'Argençon
27%
commune(05) Valdoule
27%
Canton(83) | commune(04) | commune(83) La Garde
26%
commune(04) Saint-Pierre
26%
commune(05) Saint-Pierre-Avez
26%
commune(13) Saint-Pierre-de-Mézoargues
26%
commune(84) Saint-Pierre-de-Vassols
26%
Canton(84) | commune(84) Pertuis
25%
commune(83) Bandol
24%
Canton(83) | commune(83) Saint-Maximin-la-Sainte-Baume
24%
commune(83) Six-Fours-les-Plages
24%
Canton(13) Berre-l'Etang
23%
commune(13) Berre-l'Étang
23%
commune(13) Saint-Rémy-de-Provence
23%
commune(06) Berre-les-Alpes
22%
commune(05) Dévoluy
22%
commune(84) Lagarde-d'Apt
22%
commune(84) Lagarde-Paréol
22%
commune(83) Le Lavandou
22%
Canton(06) | commune(06) Vence
22%
commune(04) Villeneuve
22%
Canton(06) | commune(06) Villeneuve-Loubet
22%
commune(13) Miramas
21%
commune(83) Saint-Cyr-sur-Mer
21%
commune(13) Saintes-Maries-de-la-Mer
21%
commune(06) Villeneuve-d'Entraunes
21%
Canton(13) | commune(13) Allauch
20%
commune(83) Bormes-les-Mimosas
20%
commune(13) Châteauneuf-les-Martigues
20%
Canton(83) | commune(83) Le Luc
20%
Canton(84) | commune(84) L'Isle-sur-la-Sorgue
20%
Canton(06) | commune(06) Mandelieu-la-Napoule
20%
commune(06) Saint-Étienne-de-Tinée
20%
commune(13) Saint-Étienne-du-Grès
20%
commune(05) Saint-Etienne-le-Laus
20%
commune(04) Saint-Étienne-les-Orgues
20%
commune(83) Sanary-sur-Mer
20%
commune(05) Val Buëch-Méouge
20%
Canton(84) | commune(84) Valréas
20%
commune(84) Châteauneuf-de-Gadagne
19%
commune(06) Châteauneuf-d'Entraunes
19%
commune(84) Châteauneuf-du-Pape
19%
commune(06) Châteauneuf-Grasse
19%
commune(13) Châteauneuf-le-Rouge
19%
commune(04) Châteauneuf-Miravail
19%
commune(04) Châteauneuf-Val-Saint-Donat
19%
commune(06) Châteauneuf-Villevieille
19%
Canton(13) | commune(13) Châteaurenard
19%
commune(06) Èze
19%
Canton(13) | commune(13) Gardanne
19%
commune(83) La Seyne-sur-Mer
19%
commune(83) Les Arcs
18%
Canton(84) | commune(84) Sorgues
18%
commune(13) Tarascon
18%
Canton(84) | commune(84) Vaison-la-Romaine
18%
Canton(84) | commune(84) Bollène
17%
commune(06) Isola
17%
commune(13) Port-Saint-Louis-du-Rhône
17%
commune(06) Villefranche-sur-Mer
17%
Canton(83) | commune(83) La Crau
16%
Canton(84) | commune(84) Le Pontet
16%
Canton(05) | commune(05) Tallard
16%
commune(06) Tende
16%
commune(05) Vars
16%
Canton(06) | commune(06) Beausoleil
15%
commune(83) Carqueiranne
15%
commune(13) Carry-le-Rouet
15%
commune(04) Castellet-lès-Sausses
15%
commune(83) Cavalaire-sur-Mer
15%
commune(83) Cogolin
15%
Canton(05) | commune(05) Guillestre
15%
commune(04) | commune(83) Le Castellet
15%
commune(13) Les Baux-de-Provence
15%
Canton(83) | commune(83) Ollioules
15%
Canton(04) | commune(04) Oraison
15%
commune(13) Saint-Marc-Jaumegarde
15%
Canton(04) | commune(04) Seyne
15%
commune(83) Le Plan-de-la-Tour
14%
commune(13) Port-de-Bouc
14%
commune(84) Puget
14%
commune(06) Puget-Rostang
14%
commune(83) Puget-sur-Argens
14%
commune(83) Puget-Ville
14%
Canton(13) | commune(13) Trets
14%
Canton(05) | commune(05) Chorges
13%
commune(06) La Tour
13%
commune(06) Mougins
13%
commune(06) Saint-André-de-la-Roche
13%
commune(05) Saint-André-d'Embrun
13%
commune(05) Saint-André-de-Rosans
13%
commune(04) Saint-André-les-Alpes
13%
commune(83) Grimaud
12%
Canton(05) | commune(05) L'Argentière-la-Bessée
12%
commune(13) Les Pennes-Mirabeau
12%
commune(83) Plan-d'Aups-Sainte-Baume
12%
commune(05) Risoul
12%
Canton(83) | commune(83) Roquebrune-sur-Argens
12%
commune(04) Saint-Jacques
12%
commune(05) Saint-Jacques-en-Valgodemard
12%
commune(83) Saint-Mandrier-sur-Mer
12%
commune(05) Saint-Michel-de-Chaillol
12%
commune(04) Saint-Michel-l'Observatoire
12%
Canton(05) | commune(05) Serres
12%
commune(06) Théoule-sur-Mer
12%
commune(06) Vallauris
12%
Canton(05) | commune(05) Veynes
12%
commune(84) Fontaine-de-Vaucluse
11%
commune(83) La Londe-les-Maures
11%
commune(13) Lançon-Provence
11%
commune(06) La Penne
11%
commune(83) La Valette-du-Var
11%
commune(83) Le Muy
11%
commune(84) Le Thor
11%
commune(13) Roquefort-la-Bédoule
11%
commune(06) Roquefort-les-Pins
11%
commune(83) Saint-Julien
11%
commune(04) Saint-Julien-d'Asse
11%
commune(04) Saint-Julien-du-Verdon
11%
Canton(83) Sollies-Pont
11%
commune(83) Solliès-Pont
11%
commune(83) Solliès-Toucas
11%
commune(83) Solliès-Ville
11%
Canton(06) | commune(06) Valbonne
11%
Canton(04) | commune(04) Valensole
11%
commune(04) Allos
10%
commune(06) Biot
10%
commune(06) Cap-d'Ail
10%
commune(04) Gréoux-les-Bains
10%
Canton(05) Laragne
10%
commune(05) Laragne-Montéglin
10%
commune(06) La Roque-en-Provence
10%
commune(06) La Trinité
10%
commune(83) Le Pradet
10%
commune(05) Les Orres
10%
Canton(84) | commune(84) Monteux
10%
commune(04) Moustiers-Sainte-Marie
10%
commune(05) Orcières
10%
Canton(84) | commune(84) Pernes-les-Fontaines
10%
commune(13) Rognac
10%
commune(06) Roquebrune-Cap-Martin
10%
commune(06) Sospel
10%
Canton(83) | commune(83) Vidauban
10%
commune(83) Aups
9%
commune(06) Beaulieu-sur-Mer
9%
commune(06) Carros
9%
commune(83) Cuers
9%
commune(13) Cuges-les-Pins
9%
commune(83) Fayence
9%
commune(13) Fuveau
9%
commune(84) Gordes
9%
commune(05) La Motte-en-Champsaur
9%
commune(13) La Penne-sur-Huveaune
9%
commune(84) La Roque-Alric
9%
commune(84) La Roque-sur-Pernes
9%
commune(83) Le Beausset
9%
commune(83) Le Cannet-des-Maures
9%
commune(05) Montgenèvre
9%
commune(05) Névache
9%
commune(83) Ramatuelle
9%
Canton(04) | commune(04) Riez
9%
commune(84) Roussillon
9%
Canton(05) | commune(05) Saint-Bonnet-en-Champsaur
9%
commune(04) Saint-Vincent-sur-Jabron
9%
commune(13) Sausset-les-Pins
9%
commune(05) Savines-le-Lac
9%
Canton(06) | commune(06) Tourrette-Levens
9%
commune(13) Auriol
8%
commune(06) Breil-sur-Roya
8%
commune(13) Cabriès
8%
commune(13) Carnoux-en-Provence
8%
Canton(04) | commune(04) Château-Arnoux-Saint-Auban
8%
Canton(84) | commune(84) Cheval-Blanc
8%
commune(13) Éguilles
8%
Canton(83) | commune(83) Garéoult
8%
commune(13) Gémenos
8%
commune(84) Gignac
8%
commune(13) Gignac-la-Nerthe
8%
commune(04) Jausiers
8%
commune(06) La Croix-sur-Roudoule
8%
commune(84) Lafare
8%
commune(05) La Fare-en-Champsaur
8%
commune(05) La Grave
8%
commune(13) Lambesc
8%
commune(83) La Motte
8%
commune(13) Le Rove
8%
commune(04) Le Vernet
8%
commune(83) Lorgues
8%
commune(05) Mont-Dauphin
8%
commune(06) Mouans-Sartoux
8%
commune(13) Orgon
8%
Canton(13) | commune(13) Pélissanne
8%
commune(13) Roquevaire
8%
commune(05) Saint-Véran
8%
commune(13) Venelles
8%
commune(05) Aspres-lès-Corps
7%
commune(05) Aspres-sur-Buëch
7%
commune(04) Banon
7%
Canton(06) | commune(06) Contes
7%
commune(04) Entrevaux
7%
commune(83) Gonfaron
7%
commune(06) Guillaumes
7%
commune(05) La Beaume
7%
commune(06) La Colle-sur-Loup
7%
commune(84) La Motte-d'Aigues
7%
commune(04) La Motte-du-Caire
7%
commune(84) Lamotte-du-Rhône
7%
commune(05) La Roche-des-Arnauds
7%
commune(06) La Turbie
7%
commune(05) Le Monêtier-les-Bains
7%
commune(06) Levens
7%
commune(84) Malaucène
7%
commune(13) Meyreuil
7%
commune(05) Puy-Saint-Vincent
7%
commune(83) Rayol-Canadel-sur-Mer
7%
commune(05) | commune(13) Rousset
7%
commune(13) Saint-Chamas
7%
commune(06) Saint-Léger
7%
commune(84) Saint-Léger-du-Ventoux
7%
commune(05) Saint-Léger-les-Mélèzes
7%
commune(84) Saint-Saturnin-lès-Apt
7%
commune(84) Saint-Saturnin-lès-Avignon
7%
commune(05) Saint-Sauveur
7%
commune(06) Saint-Sauveur-sur-Tinée
7%
commune(84) Sault
7%
commune(13) Septèmes-les-Vallons
7%
commune(83) Signes
7%
commune(13) Simiane-Collongue
7%
commune(04) Simiane-la-Rotonde
7%
commune(06) Tourette-du-Château
7%
commune(13) Ventabren
7%
commune(05) Abriès-Ristolas
6%
commune(04) Annot
6%
commune(05) Arvieux
6%
commune(04) Barrême
6%
commune(84) Bédoin
6%
commune(83) Callas
6%
commune(06) Castillon
6%
commune(83) Collobrières
6%
commune(06) Drap
6%
commune(06) Entraunes
6%
Canton(83) | commune(83) Flayosc
6%
commune(83) Gassin
6%
commune(83) La Cadière-d'Azur
6%
commune(05) La Salle-les-Alpes
6%
commune(83) Le Revest-les-Eaux
6%
commune(04) Les Mées
6%
commune(13) Le Tholonet
6%
commune(13) Mallemort
6%
commune(13) Meyrargues
6%
commune(13) Peypin
6%
commune(84) Peypin-d'Aigues
6%
commune(13) Plan-de-Cuques
6%
commune(05) Saint-Auban-D'oze
6%
commune(04) Saint-Benoît
6%
commune(13) Saint-Cannat
6%
commune(13) Saint-Victoret
6%
commune(83) Saint-Zacharie
6%
commune(13) Sénas
6%
commune(04) Ubaye-Serre-Ponçon
6%
commune(05) Vallouise-Pelvoux
6%
commune(05) Ancelle
5%
commune(83) Barjols
5%
commune(83) Bras
5%
commune(04) Bras-d'Asse
5%
commune(84) Cadenet
5%
commune(13) Ceyreste
5%
commune(05) Crévoux
5%
commune(13) Ensuès-la-Redonne
5%
commune(13) Eyguières
5%
commune(13) Fontvieille
5%
commune(13) Grans
5%
commune(13) La Bouilladisse
5%
commune(06) La Brigue
5%
commune(05) La Chapelle-en-Valgaudémar
5%
commune(83) La Croix-Valmer
5%
commune(13) La Destrousse
5%
commune(83) La Farlède
5%
commune(83) La Garde-Freinet
5%
commune(06) Le Mas
5%
commune(05) Le Poët
5%
commune(13) Le Puy-Sainte-Réparade
5%
commune(84) Lourmarin
5%
commune(04) | commune(84) Mirabeau
5%
commune(84) Morières-lès-Avignon
5%
commune(83) Nans-les-Pins
5%
commune(06) Peille
5%
commune(06) Pierrefeu
5%
commune(83) Pierrefeu-du-Var
5%
commune(83) Pignans
5%
commune(83) Rians
5%
commune(13) Rognes
5%
commune(05) Rosans
5%
commune(06) Saint-Auban
5%
Canton(83) Saint-Cyr-sur-Mer
5%
commune(06) Saint-Dalmas-le-Selvage
5%
commune(84) Saint-Didier
5%
commune(04) Sainte-Croix-à-Lauze
5%
commune(04) Sainte-Croix-du-Verdon
5%
commune(13) Saint-Mitre-les-Remparts
5%
commune(83) Seillans
5%
commune(84) Vedène
5%
commune(13) Velaux
5%
commune(84) Villars
5%
commune(83) Vinon-sur-Verdon
5%
commune(05) Aiguilles
4%
commune(04) Allemagne-en-Provence
4%
commune(05) | commune(06) Aspremont
4%
commune(84) Bédarrides
4%
commune(83) Carnoules
4%
commune(04) Céreste
4%
commune(05) Château-Ville-Vieille
4%
commune(04) Colmars
4%
commune(06) Colomars
4%
commune(83) Cotignac
4%
commune(13) Coudoux
4%
commune(84) Entraigues-sur-la-Sorgue
4%
commune(05) | commune(83) Esparron
4%
commune(84) Flassan
4%
commune(04) Ganagobie
4%
commune(05) Garde-Colombe
4%
commune(06) Gréolières
4%
commune(13) Jouques
4%
commune(83) La Bastide
4%
commune(04) La Condamine-Châtelard
4%
commune(06) La Gaude
4%
commune(04) La Javie
4%
commune(83) La Môle
4%
commune(04) La Mure-Argens
4%
commune(84) Lapalud
4%
commune(04) La Palud-sur-Verdon
4%
commune(84) Lauris
4%
commune(06) Le Bar-sur-Loup
4%
commune(04) Le Lauzet-Ubaye
4%
commune(05) Le Noyer
4%
commune(04) Malijai
4%
commune(04) Mane
4%
commune(04) Mison
4%
commune(05) Molines-en-Queyras
4%
commune(04) Montclar
4%
commune(06) Opio
4%
commune(05) Orpierre
4%
commune(06) Pégomas
4%
commune(04) Peipin
4%
commune(06) Peymeinade
4%
commune(05) Puy-Saint-Pierre
4%
commune(04) Quinson
4%
Canton(04) | commune(04) Reillanne
4%
commune(13) Rognonas
4%
commune(06) Saint-Cézaire-sur-Siagne
4%
commune(05) Saint Firmin
4%
commune(84) Saint-Marcellin-lès-Vaison
4%
commune(05) Saint-Maurice-en-Valgodemard
4%
commune(06) Saint-Vallier-de-Thiey
4%
commune(06) Saorge
4%
commune(83) Tourves
4%
commune(83) Trans-en-Provence
4%
commune(04) Val d'Oronaye
4%
commune(13) Vauvenargues
4%
commune(84) Venasque
4%
commune(04) Villars-Colmars
4%
commune(06) Villars-sur-Var
4%
commune(83) Aiguines
3%
commune(13) Aureille
3%
commune(83) Bagnols-en-Forêt
3%
commune(05) Baratier
3%
commune(13) Barbentane
3%
commune(04) Barles
3%
commune(83) Bauduen
3%
commune(04) Bayons
3%
commune(84) Beaumes-de-Venise
3%
commune(84) Beaumont-de-Pertuis
3%
commune(84) Beaumont-du-Ventoux
3%
commune(83) Besse-sur-Issole
3%
commune(84) Bonnieux
3%
commune(84) Castellet-en-Luberon
3%
commune(05) Chabestan
3%
commune(05) | commune(83) Châteauvieux
3%
commune(83) Comps-sur-Artuby
3%
commune(06) Coursegoules
3%
commune(84) Courthézon
3%
commune(04) Dauphin
3%
commune(06) Duranus
3%
commune(04) Esparron-de-Verdon
3%
commune(05) Espinasses
3%
commune(83) Évenos
3%
commune(13) Eygalières
3%
commune(13) Eyragues
3%
commune(84) Faucon
3%
commune(04) Faucon-de-Barcelonnette
3%
commune(04) Faucon-du-Caire
3%
commune(06) Fontan
3%
commune(84) Gigondas
3%
commune(06) Gilette
3%
commune(06) Gourdon
3%
commune(13) Gréasque
3%
commune(84) Grillon
3%
commune(84) Jonquières
3%
commune(13) La Barben
3%
commune(05) La Bâtie-Neuve
3%
commune(05) La Bâtie-Vieille
3%
commune(04) La Brillanne
3%
commune(13) La Fare-les-Oliviers
3%
commune(13) Lamanon
3%
commune(06) Lantosque
3%
commune(04) | commune(05) La Rochette
3%
commune(83) La Roquebrussanne
3%
commune(05) La Saulce
3%
commune(05) Laye
3%
commune(04) Le Caire
3%
commune(83) Les Adrets-de-l'Estérel
3%
commune(05) Le Saix
3%
commune(05) Le Sauze-du-Lac
3%
commune(06) L'Escarène
3%
commune(83) Les Salles-sur-Verdon
3%
commune(83) Le Thoronet
3%
commune(06) Lucéram
3%
commune(04) Lurs
3%
commune(13) Maussane-les-Alpilles
3%
commune(84) Mazan
3%
commune(04) Mézel
3%
commune(13) Mimet
3%
commune(83) Mons
3%
commune(83) Montauroux
3%
commune(04) Montfort
3%
commune(83) Montfort-sur-Argens
3%
commune(84) Mornas
3%
commune(05) Oze
3%
commune(06) Peillon
3%
commune(06) Péone
3%
commune(13) Peynier
3%
commune(13) Peyrolles-en-Provence
3%
commune(04) Peyruis
3%
commune(04) Pierrevert
3%
commune(84) Piolenc
3%
commune(13) Plan-d'Orgon
3%
commune(04) Pontis
3%
commune(83) Pourrières
3%
commune(04) Prads-Haute-Bléone
3%
commune(04) Puimoisson
3%
commune(13) Puyloubier
3%
commune(05) Puy-Saint-André
3%
commune(84) Rasteau
3%
commune(05) Réallon
3%
commune(83) Régusse
3%
commune(04) Revest-des-Brousses
3%
commune(04) Revest-du-Bion
3%
commune(06) Revest-les-Roches
3%
commune(04) Revest-Saint-Martin
3%
commune(84) Richerenches
3%
commune(06) Roubion
3%
commune(05) Saint-Chaffrey
3%
commune(05) Saint-Clément-sur-Durance
3%
commune(06) Sainte-Agnès
3%
commune(04) | commune(06) Saint-Jeannet
3%
commune(83) Salernes
3%
commune(04) Senez
3%
commune(83) Tourrettes
3%
commune(06) Tourrettes-sur-Loup
3%
commune(06) Utelle
3%
commune(04) Uvernet-Fours
3%
commune(05) Val-des-Prés
3%
commune(05) Villar-d'Arêne
3%
commune(84) Visan
3%
commune(04) Volonne
3%
commune(04) | commune(06) Aiglun
2%
commune(04) Allons
2%
commune(83) Ampus
2%
commune(06) Andon
2%
commune(04) Angles
2%
commune(04) Archail
2%
commune(04) Aubenas-les-Alpes
2%
commune(04) Aubignosc
2%
commune(84) Auribeau
2%
commune(06) Auribeau-sur-Siagne
2%
commune(04) Authon
2%
commune(04) Auzet
2%
commune(04) Barras
2%
commune(04) Beaujeu
2%
commune(13) Beaurecueil
2%
commune(04) Beauvezer
2%
commune(13) Belcodène
2%
commune(83) Belgentier
2%
commune(06) Beuil
2%
commune(83) Brue-Auriac
2%
commune(84) Cabrières-d'Aigues
2%
commune(84) Cabrières-d'Avignon
2%
commune(06) Cabris
2%
commune(84) Caderousse
2%
commune(13) Cadolive
2%
commune(06) Caille
2%
commune(84) Cairanne
2%
commune(83) Callian
2%
commune(84) Camaret-sur-Aigues
2%
commune(06) Cantaron
2%
commune(06) Castellar
2%
commune(84) Caumont-sur-Durance
2%
commune(06) Caussols
2%
commune(05) Ceillac
2%
commune(05) Cervières
2%
commune(05) Chabottes
2%
commune(05) Champcella
2%
commune(05) Champoléon
2%
commune(04) Champtercier
2%
commune(13) Charleval
2%
commune(04) Châteaufort
2%
commune(04) Châteauredon
2%
commune(05) Châteauroux-les-Alpes
2%
commune(06) Cipières
2%
commune(06) Clans
2%
commune(04) Claret
2%
commune(06) Coaraze
2%
commune(06) Collongues
2%
commune(13) Cornillon-Confoux
2%
commune(06) Courmes
2%
commune(05) Crots
2%
commune(84) Cucuron
2%
commune(06) Daluis
2%
commune(04) Draix
2%
commune(04) Enchastrayes
2%
commune(04) Entrages
2%
commune(04) Entrepierres
2%
commune(04) Entrevennes
2%
commune(04) Estoublon
2%
commune(05) Eygliers
2%
commune(06) Falicon
2%
commune(04) Fontienne
2%
commune(83) Forcalqueiret
2%
commune(05) Freissinières
2%
commune(06) Gorbio
2%
commune(13) Graveson
2%
commune(04) Hautes-Duyes
2%
commune(06) Ilonse
2%
commune(84) La Bastide-des-Jourdans
2%
commune(05) La Bâtie-Montsaléon
2%
commune(06) La Bollène-Vésubie
2%
commune(05) La Faurie
2%
commune(05) La Freissinouse
2%
commune(05) La Haute-Beaume
2%
commune(83) La Martre
2%
commune(05) Lardier-et-Valença
2%
commune(05) La Roche-de-Rame
2%
commune(13) La Roque-d'Anthéron
2%
commune(06) La Roquette-sur-Siagne
2%
commune(06) La Roquette-sur-Var
2%
commune(84) Le Barroux
2%
commune(83) Le Bourguet
2%
commune(06) Le Broc
2%
commune(04) Le Brusquet
2%
commune(04) Le Castellard-Mélan
2%
commune(04) Le Chaffaut-Saint-Jurson
2%
commune(04) Le Fugeret
2%
commune(05) L'Epine
2%
commune(06) Le Rouret
2%
commune(04) L'Escale
2%
commune(04) Les Thuiles
2%
commune(05) Les Vigneaux
2%
commune(06) Le Tignet
2%
commune(06) Lieuche
2%
commune(04) Majastres
2%
commune(84) Malemort-du-Comtat
2%
commune(04) Mallefougasse-Augès
2%
commune(04) Mallemoisson
2%
commune(04) Marcoux
2%
commune(06) Marie
2%
commune(13) Mas-Blanc-des-Alpilles
2%
commune(04) Méolans-Revel
2%
commune(84) Modène
2%
commune(84) Mondragon
2%
commune(05) Montbrand
2%
commune(83) Montferrat
2%
commune(06) Moulinet
2%
commune(13) Mouriès
2%
commune(83) Néoules
2%
commune(04) Noyers-sur-Jabron
2%
commune(84) Oppède
2%
commune(04) Oppedette
2%
commune(13) Paradou
2%
commune(05) Pelleautier
2%
commune(05) Poligny
2%
commune(06) Puget-Théniers
2%
commune(04) Puimichel
2%
commune(05) Puy-Saint-Eusèbe
2%
commune(04) Redortiers
2%
commune(05) Remollon
2%
commune(83) Riboux
2%
commune(06) Rimplas
2%
commune(83) Rocbaron
2%
commune(06) Roquebillière
2%
commune(06) Roquestéron
2%
commune(06) Roure
2%
commune(84) Rustrel
2%
commune(13) Saint-Andiol
2%
commune(05) Saint-Apollinaire
2%
commune(06) Saint-Blaise
2%
commune(84) Saint-Christol
2%
commune(84) Sainte-Cécile-les-Vignes
2%
commune(05) Sainte-Colombe
2%
commune(84) Saint-Hippolyte-le-Graveyron
2%
commune(05) Saint-Julien-en-Beauchêne
2%
commune(04) Saint-Pons
2%
commune(13) Saint-Savournin
2%
commune(04) Salignac
2%
commune(04) Sausses
2%
commune(06) Sauze
2%
commune(05) Savournon
2%
commune(04) Selonnet
2%
commune(06) Séranon
2%
commune(06) Spéracèdes
2%
commune(83) Tanneron
2%
commune(04) Tartonne
2%
commune(83) Tavernes
2%
commune(06) Thiéry
2%
commune(04) Thoard
2%
commune(06) Toudon
2%
commune(06) Touët-de-l'Escarène
2%
commune(06) Touët-sur-Var
2%
commune(83) Tourtour
2%
commune(05) Upaix
2%
commune(06) Valdeblore
2%
commune(05) Ventavon
2%
commune(84) Viens
2%
commune(05) Villar-Saint-Pancrace
2%
commune(83) Vins-sur-Caramy
2%
commune(04) Volx
2%
commune(13) Alleins
1%
commune(84) Althen-des-Paluds
1%
commune(06) Amirat
1%
commune(84) Ansouis
1%
commune(83) Artignosc-sur-Verdon
1%
commune(83) Artigues
1%
commune(05) Aubessagne
1%
commune(84) Aubignan
1%
commune(84) Aurel
1%
commune(13) Aurons
1%
commune(06) Auvare
1%
commune(05) Avançon
1%
commune(06) Bairols
1%
commune(05) Barcillonnette
1%
commune(83) Bargème
1%
commune(83) Bargemon
1%
commune(05) Barret-sur-Méouge
1%
commune(83) Baudinard-sur-Verdon
1%
commune(84) Beaumettes
1%
commune(04) Bellaffaire
1%
commune(06) Belvédère
1%
commune(04) Bevons
1%
commune(04) Beynes
1%
commune(06) Bézaudun-les-Alpes
1%
commune(06) Blausasc
1%
commune(04) Blieux
1%
commune(13) Boulbon
1%
commune(06) Bouyon
1%
commune(84) Brantes
1%
commune(04) Braux
1%
commune(83) Brenon
1%
commune(05) Bréziers
1%
commune(06) Briançonnet
1%
commune(04) Brunet
1%
commune(84) Buoux
1%
commune(13) Cabannes
1%
commune(83) Cabasse
1%
commune(83) Camps-la-Source
1%
commune(83) Carcès
1%
commune(06) Castagniers
1%
commune(05) Chanousse
1%
commune(83) Châteaudouble
1%
commune(05) Châteauneuf-d'Oze
1%
commune(83) Châteauvert
1%
commune(04) Chaudon-Norante
1%
commune(04) Clamensane
1%
commune(04) Clumanc
1%
commune(06) Conségudes
1%
commune(04) Corbières-en-Provence
1%
commune(83) Correns
1%
commune(84) Crestet
1%
commune(84) Crillon-le-Brave
1%
commune(04) Cruis
1%
commune(06) Cuébris
1%
commune(04) Curbans
1%
commune(04) Curel
1%
commune(04) Demandolx
1%
commune(83) Entrecasteaux
1%
commune(84) Entrechaux
1%
commune(05) Eourres
1%
commune(06) Escragnolles
1%
commune(05) Etoile-Saint-Cyrice
1%
commune(83) Figanières
1%
commune(83) Flassans-sur-Issole
1%
commune(05) Forest-Saint-Julien
1%
commune(05) Fouillouse
1%
commune(83) Fox-Amphoux
1%
commune(05) Furmeyer
1%
commune(84) Gargas
1%
commune(06) Gars
1%
commune(06) Gattières
1%
commune(04) Gigors
1%
commune(83) Ginasservis
1%
commune(84) Goult
1%
commune(05) Jarjayes
1%
commune(84) Jonquerettes
1%
commune(83) La Celle
1%
commune(84) Lacoste
1%
commune(04) Lambruisse
1%
commune(04) Lardiers
1%
commune(04) La Robine-sur-Galabre
1%
commune(04) La Rochegiron
1%
commune(84) La Tour-d'Aigues
1%
commune(83) La Verdière
1%
commune(06) Les Ferres
1%
commune(06) Les Mujouls
1%
commune(04) Les Omergues
1%
commune(05) Lettret
1%
commune(04) L'Hospitalet
1%
commune(04) Limans
1%
commune(84) Lioux
1%
commune(84) Loriol-du-Comtat
1%
commune(13) Maillane
1%
commune(06) Malaussène
1%
commune(06) Massoins
1%
commune(04) Méailles
1%
commune(04) Melve
1%
commune(83) Méounes-lès-Montrieux
1%
commune(84) Mérindol
1%
commune(83) Moissac-Bellevue
1%
commune(13) Mollégès
1%
commune(05) Monêtier-Allemont
1%
commune(84) Monieux
1%
commune(04) Montagnac-Montpezat
1%
commune(05) Montclus
1%
commune(04) Montfuron
1%
commune(05) Montgardin
1%
commune(04) Montjustin
1%
commune(04) Montlaux
1%
commune(05) Montmaur
1%
commune(83) Montmeyan
1%
commune(05) Montrond
1%
commune(04) Montsalier
1%
commune(04) Moriez
1%
commune(84) Mormoiron
1%
commune(84) Murs
1%
commune(05) Neffes
1%
commune(04) Nibles
1%
commune(04) Niozelles
1%
commune(13) Noves
1%
commune(04) Ongles
1%
commune(04) Peyroules
1%
commune(04) Piégut
1%
commune(06) Pierlas
1%
commune(04) Pierrerue
1%
commune(83) Pontevès
1%
commune(05) Prunières
1%
commune(84) Puyméras
1%
commune(05) Puy-Sanières
1%
commune(84) Puyvert
1%
commune(05) Rabou
1%
commune(05) Réotier
1%
commune(06) Rigaud
1%
commune(84) Robion
1%
commune(83) Rougiers
1%
commune(04) Rougon
1%
commune(04) Roumoules
1%
commune(06) Saint-Antonin
1%
commune(83) Saint-Antonin-du-Var
1%
commune(13) Saint-Antonin-sur-Bayon
1%
commune(05) Saint-Crépin
1%
commune(83) Sainte-Anastasie-sur-Issole
1%
commune(13) Saint-Estève-Janson
1%
commune(04) Sainte-Tulle
1%
commune(04) Saint-Geniez
1%
commune(04) Saint-Jurs
1%
commune(04) Saint-Lions
1%
commune(04) Saint-Maime
1%
commune(84) Saint-Pantaléon
1%
commune(84) Saint-Romain-en-Viennois
1%
commune(84) Saint-Trinit
1%
commune(05) Saléon
1%
commune(06) Sallagriffon
1%
commune(84) Sarrians
1%
commune(04) Saumane
1%
commune(84) Saumane-de-Vaucluse
1%
commune(84) Savoillan
1%
commune(84) Séguret
1%
commune(83) Seillons-Source-d'Argens
1%
commune(84) Sérignan-du-Comtat
1%
commune(06) Sigale
1%
commune(04) Sigonce
1%
commune(04) | commune(05) Sigoyer
1%
commune(83) Sillans-la-Cascade
1%
commune(04) Soleilhas
1%
commune(04) Sourribes
1%
commune(84) Suzette
1%
commune(83) Taradeau
1%
commune(04) Thèze
1%
commune(04) Thorame-Basse
1%
commune(04) Thorame-Haute
1%
commune(06) Tournefort
1%
commune(83) Trigance
1%
commune(04) Turriers
1%
commune(04) Ubraye
1%
commune(84) Uchaux
1%
commune(04) Vachères
1%
commune(84) Vacqueyras
1%
commune(04) Valavoire
1%
commune(04) Valbelle
1%
commune(04) Val-de-Chalvagne
1%
commune(06) Valderoure
1%
commune(04) Valernes
1%
commune(05) Valserres
1%
commune(83) Varages
1%
commune(84) Vaugines
1%
commune(04) Vaumeilh
1%
commune(84) Velleron
1%
commune(06) Venanson
1%
commune(04) Venterol
1%
commune(04) Verdaches
1%
commune(04) Vergons
1%
commune(13) Vernègues
1%
commune(13) Verquières
1%
commune(83) Villecroze
1%
commune(84) Villedieu
1%
commune(84) Villelaure
1%
commune(04) Villemus
1%
commune(84) Villes-sur-Auzon
1%
commune(84) Violès
1%
commune(06) Ascros
0%
commune(06) Bendejun
0%
commune(84) Blauvac
0%
commune(06) Bonson
0%
commune(05) Buissard
0%
commune(84) Buisson
0%
commune(84) Caromb
0%
commune(84) Caseneuve
0%
commune(83) Claviers
0%
commune(84) Grambois
0%
commune(84) Joucas
0%
commune(84) La Bastidonne
0%
commune(84) Lagnes
0%
commune(05) La Piarre
0%
commune(05) Lazer
0%
commune(84) Le Beaucet
0%
commune(05) Le Bersac
0%
commune(05) Le Glaizil
0%
commune(83) Les Mayons
0%
commune(05) Manteyer
0%
commune(84) Maubec
0%
commune(83) Mazaugues
0%
commune(84) Ménerbes
0%
commune(05) Méreuil
0%
commune(84) Méthamis
0%
commune(05) Montjay
0%
commune(05) Moydans
0%
commune(05) Nossage-et-Bénévent
0%
commune(83) Ollières
0%
commune(83) Pourcieux
0%
commune(05) Rambaud
0%
commune(05) Ribeyret
0%
commune(84) Roaix
0%
commune(05) Rochebrune
0%
commune(84) Sablet
0%
commune(84) Saignon
0%
commune(05) Saint-Julien-en-Champsaur
0%
commune(84) Saint-Roman-de-Malegarde
0%
commune(05) Salérans
0%
commune(84) Sannes
0%
commune(05) Sigottier
0%
commune(84) Sivergues
0%
commune(05) Sorbiers
0%
commune(84) Taillades
0%
commune(05) Théus
0%
commune(84) Travaillan
0%
commune(05) Trescléoux
0%
commune(83) Vérignon
0%
commune(05) Villar-Loubière
0%
Aucun quiz correspondant
Distribution des résultats
% des personnes avec chaque résultat
Percentile par nombre de réponses
Votre historique - résultats
Vous n’avez pas pris ce quiz